Music Quiz

Random Music Quiz

Panic! at the Disco-Too Weird To Live, Too Rare To Die! Quiz Stats

 Plays Quiz not verified by Sporcle

Challenge
Share
Tweet
Embed
Score 0/12 Timer 10:00
0 Plays Today
# Too Weird To Live, Too Rare To Die! % Correct
1.This Is Gospel
97.4%
2.Miss Jackson (feat. LOLO)
97.4%
3.Vegas Lights
86.8%
4.Girl That You Love
86.8%
5.Nicotine
86.8%
7.Casual Affair
81.6%
8.Far Too Young to Die
78.9%
6.Girls
76.3%
9.Collar Full
76.3%
10.The End of All Things
73.7%
12.All the Boys
55.3%
11.Can't Fight Against the Youth
42.1%

You're not logged in!

Compare scores with friends on all Sporcle quizzes.
Join for Free
OR
Log In

You Might Also Like...

Show Comments

Extras

Created Jun 11, 2016ReportFavoriteNominate
Tags:live, panic, rare, too, weird

Top Quizzes Today


Score Distribution

Your Account Isn't Verified!

In order to create a playlist on Sporcle, you need to verify the email address you used during registration. Go to your Sporcle Settings to finish the process.

Report this User

Report this user for behavior that violates our Community Guidelines.

Details: